French rural history ; an essay on its basic characteristics /

Bibliographic Details
Main Author: Bloch, Marc, 1886-1944
Format: Book
Language:English
French
Published: Berkeley : University of California Press, 1966.
Subjects:

MARC

Tag First Indicator Second Indicator Subfields
LEADER 00000cam a2200000 4500
001 in00000044650
005 20151007075046.0
008 731003s1966 caube b 00010 eng
010 |a  66015483  
035 |a (OCoLC)00953295 
035 |9 AAF2564AM 
040 |a DLC  |c DLC  |d TXA  |d UtOrBLW 
041 1 |a eng  |a fre 
043 |a e-fr--- 
049 |a TXAM  |c [463034] 
050 0 0 |a HD643  |b .B613 
092 |a 630.1144  |b B651f, 1966 
100 1 |a Bloch, Marc,  |d 1886-1944. 
240 1 4 |a Les caracteres originaux de l'histoire rurale francaise. English 
245 1 0 |a French rural history ;  |b an essay on its basic characteristics /  |c [by] Marc Bloch. Foreword by Bryce Lyon. Translated from the French by Janet Sondheimer. 
264 1 |a Berkeley :  |b University of California Press,  |c 1966. 
300 |a xxxiii, 258 pages :  |b maps, plans. ;  |c 23 cm. 
336 |a text  |b txt  |2 rdacontent 
337 |a unmediated  |b n  |2 rdamedia 
338 |a volume  |b nc  |2 rdacarrier 
500 |a Translation of Les caracteres originaux de l'histoire rurale francaise. 
504 |a "Bibliographical orientation": pages xxxi-xxxiii. 
536 |a From the Library of Dr. James H. Copp, February 2004. 
650 0 |a Land tenure  |z France  |x History. 
650 0 |a Peasants  |z France. 
650 0 |a Feudalism  |z France. 
999 |a MARS 
999 f f |s 7ba6da07-6de6-3263-9ed6-71d34f493177  |i 60c51761-fa52-3bfd-881a-e9728f20ecdf  |t 0 
952 f f |p normal  |a Texas A&M University  |b College Station  |c Sterling C. Evans Library  |d Evans: Library Stacks  |t 0  |e HD643 .B613  |h Library of Congress classification  |i unmediated -- volume  |m A14831179855 
998 f f |a HD643 .B613  |t 0  |l Evans: Library Stacks